| 000 | 00347nam a2200133Ia 4500 | ||
|---|---|---|---|
| 008 | 230312s9999||||xx |||||||||||||| ||und|| | ||
| 020 | _a9781305870055 | ||
| 082 |
_a005.756 _bSER-M |
||
| 100 | _aBidgoli | ||
| 245 | 0 | _aMIS7 : management information systems | |
| 260 |
_bCengage _aUSA _c2017 |
||
| 650 |
_aComputer _vDatabase management |
||
| 942 | _cBK | ||
| 999 |
_c17800 _d17800 |
||